The baby goes beep / (Record no. 222872)
[ view plain ]
| 000 -LEADER | |
|---|---|
| fixed length control field | 01177cam a2200361 a 4500 |
| 001 - CONTROL NUMBER | |
| control field | 540643915 |
| 003 - CONTROL NUMBER IDENTIFIER | |
| control field | OCoLC |
| 005 - DATE AND TIME OF LATEST TRANSACTION | |
| control field | 20170807134641.0 |
| 008 - FIXED-LENGTH DATA ELEMENTS--GENERAL INFORMATION | |
| fixed length control field | 100303r20102003ilua a 000 1 eng |
| 010 ## - LIBRARY OF CONGRESS CONTROL NUMBER | |
| LC control number | 2010002094 |
| 020 ## - INTERNATIONAL STANDARD BOOK NUMBER | |
| International Standard Book Number | 9780807505083 |
| 020 ## - INTERNATIONAL STANDARD BOOK NUMBER | |
| International Standard Book Number | 0807505080 |
| 035 ## - SYSTEM CONTROL NUMBER | |
| System control number | (OCoLC)540643915 |
| Canceled/invalid control number | (OCoLC)645362634 |
| 040 ## - CATALOGING SOURCE | |
| Original cataloging agency | DLC |
| Language of cataloging | eng |
| Transcribing agency | DLC |
| Modifying agency | IG# |
| -- | ZS3 |
| -- | JAI |
| -- | MZ3 |
| -- | OCLCQ |
| -- | BDX |
| -- | HFU |
| Description conventions | rda |
| 042 ## - AUTHENTICATION CODE | |
| Authentication code | lcac |
| -- | pcc |
| 050 00 - LIBRARY OF CONGRESS CALL NUMBER | |
| Classification number | PZ7.O2167 |
| Item number | Bab 2010 |
| 082 00 - DEWEY DECIMAL CLASSIFICATION NUMBER | |
| Classification number | [E] |
| Edition number | 22 |
| 092 ## - LOCALLY ASSIGNED DEWEY CALL NUMBER (OCLC) | |
| Classification number | E |
| Item number | BOARD, Oc5b |
| 100 1# - MAIN ENTRY--PERSONAL NAME | |
| Personal name | O'Connell, Rebecca, |
| Dates associated with a name | 1968- |
| 9 (RLIN) | 5727131 |
| 245 14 - TITLE STATEMENT | |
| Title | The baby goes beep / |
| Statement of responsibility, etc | Rebecca O'Connell ; pictures by Ken Wilson-Max. |
| 250 ## - EDITION STATEMENT | |
| Edition statement | Albert Whitman board book ed. |
| 260 ## - PUBLICATION, DISTRIBUTION, ETC. (IMPRINT) | |
| Place of publication, distribution, etc | [Chicago, Ill.] : |
| Name of publisher, distributor, etc | Albert Whitman, |
| Date of publication, distribution, etc | 2010. |
| 264 ## - Production, Publication, Distribution, Manufacture, and Copyright Notice. | |
| Place of production, publication, distribution, manufacture | [Chicago, Ill.] : |
| Name of producer, publisher, distributor, manufacturer | Albert Whitman, |
| Date of production, publication, distribution, manufacture, or copyr | 2010. |
| 300 ## - PHYSICAL DESCRIPTION | |
| Extent | 1 v. (unpaged) : |
| Other physical details | col. ill. ; |
| Dimensions | 21 cm. |
| 336 ## - Content Type | |
| Content type term | text |
| 337 ## - Media type | |
| Media type term | unmediated |
| 338 ## - Carrier type | |
| Carrier type term | volume |
| 500 ## - GENERAL NOTE | |
| General note | Cover title. |
| 520 ## - SUMMARY, ETC. | |
| Summary, etc | A baby makes various sounds as he explores the world around him. |
| 650 #0 - SUBJECT ADDED ENTRY--TOPICAL TERM | |
| Topical term or geographic name as entry element | Infants |
| Form subdivision | Juvenile fiction. |
| 9 (RLIN) | 5687508 |
| 650 #0 - SUBJECT ADDED ENTRY--TOPICAL TERM | |
| Topical term or geographic name as entry element | Sound |
| Form subdivision | Juvenile fiction. |
| 9 (RLIN) | 5727132 |
| 650 #0 - SUBJECT ADDED ENTRY--TOPICAL TERM | |
| Topical term or geographic name as entry element | Parent and child |
| Form subdivision | Juvenile fiction. |
| 9 (RLIN) | 5689351 |
| 650 #0 - SUBJECT ADDED ENTRY--TOPICAL TERM | |
| Topical term or geographic name as entry element | Board books |
| Form subdivision | Juvenile fiction. |
| 9 (RLIN) | 5689354 |
| 655 #0 - INDEX TERM--GENRE/FORM | |
| Genre/form data or focus term | Board books. |
| 9 (RLIN) | 5673758 |
| 700 1# - ADDED ENTRY--PERSONAL NAME | |
| Personal name | Wilson-Max, Ken, |
| Relator term | illustrator. |
| 9 (RLIN) | 32540 |
| 907 ## - LOCAL DATA ELEMENT G, LDG (RLIN) | |
| a | .b245908225 |
| 942 ## - ADDED ENTRY ELEMENTS (KOHA) | |
| Source of classification or shelving scheme | Dewey Decimal Classification |
| Koha item type | BOOK |
| Withdrawn status | Lost status | Source of classification or shelving scheme | Damaged status | Not for loan | Collection code | Home library | Current library | Shelving location | Date acquired | Source of acquisition | Total Checkouts | Full call number | Barcode | Date last seen | Cost, replacement price | Price effective from | Koha item type | Total Renewals | Checked out | Date checked out |
|---|---|---|---|---|---|---|---|---|---|---|---|---|---|---|---|---|---|---|---|---|
| Dewey Decimal Classification | Not For Loan | Children Reference Professional Use | Wasatch County Library | Wasatch County Library | Work Area | 01/15/2021 | Baker & Taylor | BB O'Connell | 34301001703240 | 11/19/2025 | 7.99 | 01/15/2021 | Reference book | |||||||
| Dewey Decimal Classification | Children Board Books | Wasatch County Library | Wasatch County Library | Main Floor Childrens Area | 03/12/2021 | Baker & Taylor | 44 | BB O'Connell | 34301001315193 | 02/20/2026 | 7.99 | 03/12/2021 | BOOK | 26 | 04/18/2026 | 02/20/2026 |
